000 00955cam a22002655a 4500
001 L159840
008 18031 s2018 xxk f 001 0 eng d
020 _a9780203701461
035 _a(Sirsi) u159840
041 0 _aeng
100 1 _aBall, Rick
245 0 0 _aIndustrial property
_h[electronic resource]
250 _a1sth ed.
260 _aLondon
_bTaylor&Francis
_c2018
300 _aeBook
520 _aLooks at the relationship between industrial property and economic development. Focuses on recent trends in industrial investment, funding of development on derelect and contaminated sites. Concludes with an discussion on onwership issues.
521 _aAdvanced
650 2 4 _aEBOOK
650 2 4 _aINDUSTRIAL
651 4 _aUnited Kingdom
_y
690 _aCommercial property
_96227
700 1 _aPratt, Andy C.
856 4 0 _uhttps://www.vlebooks.com/
_zView on VLEbooks. Logins for members only from [email protected]
942 _n0
999 _c116134
_d116134